Vista normal Vista MARC

Entrada Topical Term

Número de registros utilizados en: 2

001 - CONTROL NUMBER

  • control field: 4007

003 - CONTROL NUMBER IDENTIFIER

  • control field: OSt

005 - DATE AND TIME OF LATEST TRANSACTION

  • control field: 20200506134552.0

008 - FIXED-LENGTH DATA ELEMENTS

  • fixed length control field: 200506|| aca||aabn | a|a d

040 ## - CATALOGING SOURCE

  • Original cataloging agency: OSt
  • Transcribing agency: OSt

150 ## - HEADING--TOPICAL TERM

  • Topical term or geographic name entry element: Política ambiental

670 ## - SOURCE DATA FOUND

  • Source citation: Work cat.: (OSt)5263: Venezuela. Corporación Andina de Fomento 4005, Visiones para un futuro sostenible / , 2001